| 000 | 01458cam a2200397 i 4500 | ||
|---|---|---|---|
| 001 | 200442551 | ||
| 999 |
_c200442551 _d60763 |
||
| 003 | TR-AnTOB | ||
| 005 | 20240810073809.0 | ||
| 007 | ta | ||
| 008 | 031022s1994 tu 00000 tur d | ||
| 020 | _a9751908833 | ||
| 020 | _a9789751908834 | ||
| 040 |
_aTVG _beng _erda _cTVG _dOCLCQ _dOCLCQ _dB9K _dSULEY _dTR-AnTOB |
||
| 041 | 0 |
_atur _beng |
|
| 050 | 4 |
_aHD4276.7 _b.E44 1994 |
|
| 090 |
_aHD4276.7 _b.E44 1994 |
||
| 100 | 1 | 0 |
_aEmek, Uğur _eauthor _969235 |
| 245 | 0 |
_aKamu iktisadi teşebbüslerinde yeni finansman yöntemlerinin uygulanabilirliği : _bfinansal kiralama, factoring / _cUğur Emek. |
|
| 246 | 3 | 0 | _aFinansal kiralama, factoring. |
| 264 | 1 |
_aAnkara : _bDevlet Planlama Teşkilatı, _c1994. |
|
| 300 |
_a211 pages : _btables ; _c24 cm |
||
| 336 |
_2rdacontent _atext _btxt |
||
| 337 |
_2rdamedia _aunmediated _bn |
||
| 338 |
_2rdacarrier _avolume _bnc |
||
| 490 | 0 |
_aT.C. Başbakanlık Devlet Planlama Teşkilatı ; _vyayın no: DPT 2346- YSPKGM: 574 |
|
| 500 | _a"Uzmanlık tezi" | ||
| 504 | _aBIB | ||
| 650 | 7 |
_aKamu iktisadi teşebbüsleri _zTürkiye _2etuturkob _985507 |
|
| 650 | 7 |
_aKira sözleşmeleri _zTürkiye _2etuturkob _9137711 |
|
| 650 | 7 |
_aFaktoring (Finans) _zTürkiye _2etuturkob _9105821 |
|
| 650 | 7 |
_aKamu iktisadi teşebbüsleri _xMuhasebe _2etuturkob _9104644 |
|
| 710 | 2 |
_aDevlet Planlama Teşkilatı (Türkiye) _934114 |
|
| 942 |
_2lcc _cBK |
||